[Event "Obert Figueres Miquel Mas 2011"]
[Site "Figueres ESP"]
[Date "2011.08.12"]
[Round "2.3"]
[White "Oms Pallisse, Josep"]
[Black "Vinardell Cruanas, Sergi"]
[Result "1-0"]
[WhiteElo "2489"]
[BlackElo "2061"]
[PlyCount "81"]
[EventDate "2011.08.11"]
[EventType "swiss"]
[EventRounds "9"]
[EventCountry "ESP"]
[Source "lmi"]
[SourceDate "2011.08.11"]

1. d4 d5 2. Nf3 Nf6 3. c4 c6 4. Nc3 dxc4 5. a4 Bf5 6. e3 e6 7. Bxc4 Bb4 8. O-O
O-O 9. Nh4 Nbd7 10. f3 Bg6 11. Nxg6 hxg6 12. Qc2 Qe7 13. Rd1 Rfd8 14. a5 b5 15.
axb6 axb6 16. Rxa8 Rxa8 17. e4 e5 18. Ne2 b5 19. Bd3 exd4 20. Qxc6 Ra1 21. Qxb5
Ne5 22. Rf1 Nfd7 23. Nf4 Qc5 24. Ne2 Qxb5 25. Bxb5 d3 26. Ng3 Ra5 27. Bxd7 Bc5+
28. Kh1 Nxd7 29. Bd2 Ra2 30. Bc3 Nb6 31. Rd1 Na4 32. h4 Nxc3 33. bxc3 d2 34.
Nf1 Rc2 35. Nxd2 Rxc3 36. e5 Rd3 37. Rc1 Be7 38. Rc8+ Kh7 39. Ne4 Bxh4 40. g3
Bxg3 41. Ng5+ 1-0

[Event "Obert Figueres Miquel Mas 2011"]
[Site "Figueres ESP"]
[Date "2011.08.12"]
[Round "2.4"]
[White "Parals Marce, Luis"]
[Black "Martinez, Duanny Lelys Stanle"]
[Result "0-1"]
[WhiteElo "2077"]
[BlackElo "2455"]
[PlyCount "70"]
[EventDate "2011.08.11"]
[EventType "swiss"]
[EventRounds "9"]
[EventCountry "ESP"]
[Source "lmi"]
[SourceDate "2011.08.11"]

1. Nf3 c5 2. c4 g6 3. g3 Bg7 4. Bg2 Nc6 5. Nc3 d6 6. d3 Nh6 7. Bd2 O-O 8. O-O
f5 9. Qc1 Nf7 10. Ng5 e6 11. Rb1 Bd7 12. Nb5 Qb8 13. a3 a6 14. Nc3 Nxg5 15.
Bxg5 b5 16. Bh6 b4 17. Bxg7 Kxg7 18. Nd1 a5 19. e3 Qd8 20. a4 Qf6 21. b3 h5 22.
f4 h4 23. Nf2 hxg3 24. hxg3 Rh8 25. Nh3 Rh5 26. Ng5 Rah8 27. Qb2 e5 28. Kf2 Nd8
29. Rh1 Nf7 30. Rxh5 Rxh5 31. Nxf7 Kxf7 32. Rh1 Rxh1 33. Bxh1 exf4 34. Qxf6+
Kxf6 35. gxf4 Bxa4 0-1

[Event "Obert Figueres Miquel Mas 2011"]
[Site "Figueres ESP"]
[Date "2011.08.12"]
[Round "2.6"]
[White "Gonzalez Manchon, Juan Miguel"]
[Black "Lorenzo De La Riva, Lazaro"]
[Result "0-1"]
[WhiteElo "2069"]
[BlackElo "2391"]
[PlyCount "112"]
[EventDate "2011.08.11"]
[EventType "swiss"]
[EventRounds "9"]
[EventCountry "ESP"]
[Source "lmi"]
[SourceDate "2011.08.11"]

1. e4 e5 2. Nf3 Nc6 3. d4 exd4 4. Nxd4 Bb4+ 5. c3 Bc5 6. Bc4 Bb6 7. O-O Nge7 8.
Qh5 O-O 9. Bg5 Nxd4 10. cxd4 Bxd4 11. Nc3 Bxc3 12. bxc3 h6 13. Be3 d6 14. f4
Be6 15. Bd3 f5 16. g4 Bf7 17. Qh3 fxe4 18. Bxe4 Qd7 19. Qf3 Rae8 20. Rfe1 Ng6
21. Bxg6 Bxg6 22. f5 Bf7 23. Qxb7 Qa4 24. Qg2 Re4 25. h3 Rfe8 26. Qg3 Qc4 27.
Bd4 c5 28. Rxe4 Rxe4 29. Bf2 Qd5 30. Rb1 Re8 31. Qf4 Qxa2 32. Rd1 Qc2 33. Qxd6
Qxc3 34. Rd3 Qb2 35. Rd2 Qb3 36. Rd3 Qb6 37. Bxc5 Qb1+ 38. Rd1 Qb3 39. Rd3 Qb7
40. Qg3 Qb1+ 41. Kg2 Bc4 42. Rd2 Qf1+ 43. Kh2 Bd5 44. Bg1 Re2+ 45. Rxe2 Qxe2+
46. Qf2 Qe4 47. Kg3 a5 48. Qe3 Qg2+ 49. Kf4 Bf7 50. Qe1 Qxh3 51. Bd4 Qh2+ 52.
Ke3 a4 53. Qa1 Qg3+ 54. Kd2 Qf4+ 55. Kd3 Qxg4 56. Qxa4 Qxf5+ 0-1

[Event "Obert Figueres Miquel Mas 2011"]
[Site "Figueres ESP"]
[Date "2011.08.12"]
[Round "2.7"]
[White "Vishnu, Prasanna  V"]
[Black "Temprano Mateos, Luis Jose"]
[Result "1-0"]
[WhiteElo "2340"]
[BlackElo "2010"]
[PlyCount "53"]
[EventDate "2011.08.11"]
[EventType "swiss"]
[EventRounds "9"]
[EventCountry "ESP"]
[Source "lmi"]
[SourceDate "2011.08.11"]

1. e4 e5 2. Nf3 Nc6 3. Bb5 Nf6 4. d3 Bc5 5. Bxc6 dxc6 6. O-O Bg4 7. h3 Bxf3 8.
Qxf3 h6 9. Qg3 Qe7 10. Nd2 O-O-O 11. Nc4 Rde8 12. Bd2 Kb8 13. Rfb1 Nh5 14. Qf3
g6 15. b4 Bd6 16. b5 c5 17. a4 Ng7 18. b6 Ne6 19. bxa7+ Kxa7 20. Na5 Nd8 21.
Rxb7+ Nxb7 22. Nc6+ Ka8 23. Nxe7 Rxe7 24. Rb1 Nd8 25. d4 Nc6 26. dxc5 Bxc5 27.
Qf6 1-0

[Event "Obert Figueres Miquel Mas 2011"]
[Site "Figueres ESP"]
[Date "2011.08.12"]
[Round "2.8"]
[White "Balague Canadell, Jordi"]
[Black "Houriez, Clement"]
[Result "0-1"]
[WhiteElo "2063"]
[BlackElo "2328"]
[PlyCount "74"]
[EventDate "2011.08.11"]
[EventType "swiss"]
[EventRounds "9"]
[EventCountry "ESP"]
[Source "lmi"]
[SourceDate "2011.08.11"]

1. Nf3 Nf6 2. c4 c5 3. Nc3 e6 4. g3 b6 5. Bg2 Bb7 6. O-O Be7 7. d4 cxd4 8. Qxd4
d6 9. Rd1 a6 10. Be3 Nbd7 11. Ng5 Bxg2 12. Kxg2 Rc8 13. Nge4 Rc6 14. f3 O-O 15.
Rac1 Qb8 16. b3 Rfc8 17. g4 h6 18. g5 hxg5 19. Bxg5 b5 20. cxb5 axb5 21. Bxf6
Bxf6 22. Nxf6+ Nxf6 23. e4 b4 24. Ne2 d5 25. e5 Nd7 26. f4 Nc5 27. Rf1 Qa8 28.
Qa1 Ne4 29. Qb2 Qa6 30. Rxc6 Qxc6 31. Rc1 Nc3 32. Nd4 Qb6 33. Qd2 Rc7 34. Rc2
Ne4 35. Qd1 Rxc2+ 36. Nxc2 Qf2+ 37. Kh3 Qxf4 0-1

[Event "Obert Figueres Miquel Mas 2011"]
[Site "Figueres ESP"]
[Date "2011.08.12"]
[Round "2.9"]
[White "Cuadras Avellana, Jorge"]
[Black "Alcazar Pascual, Lluis"]
[Result "1-0"]
[WhiteElo "2304"]
[BlackElo "2009"]
[PlyCount "93"]
[EventDate "2011.08.11"]
[EventType "swiss"]
[EventRounds "9"]
[EventCountry "ESP"]
[Source "lmi"]
[SourceDate "2011.08.11"]

1. e4 g6 2. d4 Bg7 3. Nc3 c6 4. Nf3 d5 5. h3 dxe4 6. Nxe4 Nf6 7. Nxf6+ exf6 8.
Be2 O-O 9. O-O a5 10. a4 Na6 11. Bc4 Nc7 12. c3 Be6 13. Qb3 Bxc4 14. Qxc4 Qd5
15. Qxd5 Nxd5 16. Re1 Rfe8 17. Rxe8+ Rxe8 18. Bd2 Bf8 19. Kf1 Nb6 20. b3 Nd5
21. c4 Nb4 22. c5 Be7 23. Bxb4 axb4 24. Ne1 Bd8 25. Nc2 Ba5 26. Re1 Re6 27. Re3
Kf8 28. Ke2 b6 29. Kd3 bxc5 30. dxc5 Ke7 31. Nd4 Rxe3+ 32. Kxe3 Kd7 33. Kd3 Bc7
34. Nc2 Ba5 35. Kc4 Kc8 36. Nxb4 Kb7 37. Nc2 Bd2 38. b4 Bf4 39. b5 cxb5+ 40.
axb5 Bh2 41. Nb4 Bg1 42. f3 Bh2 43. Nd5 f5 44. c6+ Kc8 45. b6 Kb8 46. f4 Bg1
47. c7+ 1-0

[Event "Obert Figueres Miquel Mas 2011"]
[Site "Figueres ESP"]
[Date "2011.08.12"]
[Round "2.10"]
[White "Falgueras Marti, Carles"]
[Black "Adrian, Claude"]
[Result "0-1"]
[WhiteElo "2009"]
[BlackElo "2291"]
[PlyCount "50"]
[EventDate "2011.08.11"]
[EventType "swiss"]
[EventRounds "9"]
[EventCountry "ESP"]
[Source "lmi"]
[SourceDate "2011.08.11"]

1. e4 e6 2. d4 d5 3. e5 c5 4. c3 Qb6 5. Nf3 Nc6 6. a3 Nh6 7. b4 cxd4 8. cxd4
Nf5 9. Be3 f6 10. exf6 gxf6 11. Nc3 Nxe3 12. fxe3 Bh6 13. Kf2 O-O 14. Bd3 Ne7
15. Nh4 e5 16. Qh5 Bxe3+ 17. Ke2 e4 18. Bxe4 dxe4 19. Kxe3 Be6 20. Qc5 Rac8 21.
Qxe7 Rxc3+ 22. Kxe4 Rc7 23. Qxf8+ Kxf8 24. Rac1 Re7 25. Rc3 Bc4+ 0-1

[Event "Obert Figueres Miquel Mas 2011"]
[Site "Figueres ESP"]
[Date "2011.08.12"]
[Round "2.11"]
[White "Lillo Castay, Victor"]
[Black "Toste Nieto, Alexandre"]
[Result "1-0"]
[WhiteElo "2281"]
[BlackElo "1964"]
[PlyCount "45"]
[EventDate "2011.08.11"]
[EventType "swiss"]
[EventRounds "9"]
[EventCountry "ESP"]
[Source "lmi"]
[SourceDate "2011.08.11"]

1. e4 c5 2. Nf3 d6 3. d4 cxd4 4. Nxd4 Nf6 5. Nc3 a6 6. f4 e6 7. Qf3 Qc7 8. g4
b5 9. g5 Nfd7 10. Bd3 Nc5 11. f5 b4 12. Nce2 e5 13. Nb3 a5 14. Nxc5 Qxc5 15.
Be3 Qc6 16. O-O Bb7 17. a4 bxa3 18. Nc3 Ba6 19. Rxa3 Bxd3 20. cxd3 Nd7 21. Rfa1
Nc5 22. Nd5 a4 23. b4 1-0

[Event "Obert Figueres Miquel Mas 2011"]
[Site "Figueres ESP"]
[Date "2011.08.12"]
[Round "2.12"]
[White "Guzman Maglaya, Noli"]
[Black "Pruja Ramirez De Cartagena, Marc"]
[Result "0-1"]
[WhiteElo "1977"]
[BlackElo "2269"]
[PlyCount "64"]
[EventDate "2011.08.11"]
[EventType "swiss"]
[EventRounds "9"]
[EventCountry "ESP"]
[Source "lmi"]
[SourceDate "2011.08.11"]

1. d4 Nf6 2. c4 c5 3. d5 b5 4. cxb5 a6 5. f3 axb5 6. e4 b4 7. e5 Ng8 8. Bc4 e6
9. Qb3 Qh4+ 10. g3 Qd4 11. Ne2 Qxe5 12. O-O Ba6 13. dxe6 fxe6 14. Bxa6 Nxa6 15.
Qd3 Nf6 16. Bf4 Qd5 17. Qc2 c4 18. Nd2 Bc5+ 19. Kg2 g5 20. Ne4 Nxe4 21. fxe4
Qd3 22. Qxd3 cxd3 23. Bxg5 dxe2 24. Rfe1 O-O 25. Rxe2 Rf7 26. e5 Nc7 27. Rc1
Bb6 28. Rec2 Nd5 29. Bh6 Ne3+ 30. Bxe3 Bxe3 31. Rc8+ Rxc8 32. Rxc8+ Kg7 0-1

[Event "Obert Figueres Miquel Mas 2011"]
[Site "Figueres ESP"]
[Date "2011.08.12"]
[Round "2.13"]
[White "Spielmann, Alain"]
[Black "Diaz Comas, Jordi"]
[Result "1-0"]
[WhiteElo "2266"]
[BlackElo "1923"]
[PlyCount "105"]
[EventDate "2011.08.11"]
[EventType "swiss"]
[EventRounds "9"]
[EventCountry "ESP"]
[Source "lmi"]
[SourceDate "2011.08.11"]

1. Nf3 Nf6 2. c4 g6 3. Nc3 c5 4. d4 cxd4 5. Nxd4 Bg7 6. e4 d6 7. Be2 O-O 8. Be3
Bd7 9. Qd2 Nc6 10. O-O Rc8 11. b3 a6 12. f3 Re8 13. Rac1 h5 14. Rfd1 Qa5 15.
Qe1 Kh7 16. Bf1 Bh6 17. Bxh6 Kxh6 18. Kh1 Nxd4 19. Qe3+ Kg7 20. Qxd4 Qc5 21.
Qd2 Bc6 22. Bd3 Qa5 23. Qb2 Qe5 24. Qd2 Rh8 25. Nd5 Nxd5 26. exd5 Bd7 27. Re1
Qf6 28. Re3 Rhe8 29. Rce1 b6 30. Re4 Kg8 31. Kg1 e5 32. dxe6 Rxe6 33. Rxe6 Bxe6
34. Be4 Rd8 35. a4 a5 36. Rd1 Kg7 37. Qd4 Qxd4+ 38. Rxd4 Kf6 39. Bd5 Ke5 40.
Rd2 Rc8 41. Kf2 Rc5 42. Re2+ Kf6 43. Bxe6 fxe6 44. h4 d5 45. cxd5 exd5 46. Ke3
Ke5 47. Kd3+ Kd6 48. Re8 Kd7 49. Re5 Kd6 50. Rg5 Rc1 51. Rxg6+ Kc5 52. Rg5 Rg1
53. g4 1-0

[Event "Obert Figueres Miquel Mas 2011"]
[Site "Figueres ESP"]
[Date "2011.08.12"]
[Round "2.14"]
[White "Buch Prades, Joan"]
[Black "Trigo Urquijo, Sergio"]
[Result "1/2-1/2"]
[WhiteElo "1965"]
[BlackElo "2248"]
[PlyCount "142"]
[EventDate "2011.08.11"]
[EventType "swiss"]
[EventRounds "9"]
[EventCountry "ESP"]
[Source "lmi"]
[SourceDate "2011.08.11"]

1. d4 d6 2. c4 e5 3. dxe5 dxe5 4. Qxd8+ Kxd8 5. Nf3 f6 6. g3 Be6 7. b3 c6 8.
Bg2 Kc7 9. O-O Nd7 10. Nc3 a5 11. Bb2 Nc5 12. Rfd1 a4 13. Nd2 a3 14. Bc1 Na6
15. Nde4 h6 16. Be3 f5 17. Nd2 Nf6 18. Rac1 Nb4 19. Nf3 Nd7 20. h4 g6 21. Nd5+
Bxd5 22. cxd5 c5 23. Rd2 Bd6 24. Ne1 e4 25. Bd4 Rhe8 26. Bc3 Na6 27. Nc2 Nab8
28. b4 cxb4 29. Bxb4 Bxb4 30. Nxb4+ Kd6 31. Rc3 Ra5 32. Nc2 Rxd5 33. Rxd5+ Kxd5
34. Rxa3 Rc8 35. Ne3+ Ke5 36. f3 Nf6 37. Rb3 Rc7 38. fxe4 Nxe4 39. Rb5+ Kd4 40.
Bxe4 Kxe4 41. Kf2 Nd7 42. h5 gxh5 43. Rxf5 Nb6 44. Rf4+ Ke5 45. Rf5+ Ke4 46.
Rf4+ Ke5 47. Rb4 Nd7 48. Rf4 Nb6 49. Rh4 Rf7+ 50. Kg2 Rf6 51. Rxh5+ Ke4 52. Ng4
Rg6 53. Rxh6 Rxh6 54. Nxh6 Ke3 55. Nf5+ Kxe2 56. Nd6 Kd3 57. Nxb7 Kc4 58. g4
Nd5 59. Kf3 Ne7 60. Kf4 Ng6+ 61. Kf5 Nh4+ 62. Kg5 Nf3+ 63. Kf4 Nh4 64. Nd6+ Kb4
65. Nf7 Ka3 66. g5 Ng6+ 67. Kf5 Nh4+ 68. Kf6 Ng2 69. Ne5 Kxa2 70. Ke7 Nh4 71.
Ng4 Nf3 1/2-1/2

[Event "Obert Figueres Miquel Mas 2011"]
[Site "Figueres ESP"]
[Date "2011.08.12"]
[Round "2.15"]
[White "Gonzalez Vericat, Sergio"]
[Black "Martin Fernandez, Santiago"]
[Result "1-0"]
[WhiteElo "2229"]
[BlackElo "1867"]
[PlyCount "77"]
[EventDate "2011.08.11"]
[EventType "swiss"]
[EventRounds "9"]
[EventCountry "ESP"]
[Source "lmi"]
[SourceDate "2011.08.11"]

1. d4 Nf6 2. Nf3 e6 3. g3 b6 4. Bg2 Bb7 5. O-O c5 6. b3 cxd4 7. Bb2 Be7 8. Nxd4
Bxg2 9. Kxg2 O-O 10. c4 d5 11. Nd2 dxc4 12. Nxc4 Qd5+ 13. Nf3 Qxd1 14. Rfxd1
Nbd7 15. Rac1 Rfd8 16. Nce5 Nxe5 17. Nxe5 Rxd1 18. Rxd1 Rc8 19. Rc1 Rxc1 20.
Bxc1 Bc5 21. Kf3 h6 22. e4 Kf8 23. a4 a5 24. Be3 Bxe3 25. Kxe3 Ke8 26. Kd4 Nd7
27. Nc6 f6 28. Kc4 Nc5 29. f3 Kd7 30. Nxa5 Kc7 31. Kb5 e5 32. b4 Nd7 33. Nc4 g6
34. Ne3 h5 35. Nd5+ Kb7 36. Ne7 Nf8 37. Kc4 g5 38. Kd5 Kc7 39. Ng8 1-0

[Event "Obert Figueres Miquel Mas 2011"]
[Site "Figueres ESP"]
[Date "2011.08.12"]
[Round "2.16"]
[White "Colomer Camarasa, Jordi"]
[Black "Deleyn, Gunter"]
[Result "1/2-1/2"]
[WhiteElo "1947"]
[BlackElo "2222"]
[PlyCount "57"]
[EventDate "2011.08.11"]
[EventType "swiss"]
[EventRounds "9"]
[EventCountry "ESP"]
[Source "lmi"]
[SourceDate "2011.08.11"]

1. b4 e5 2. Bb2 d6 3. c4 f5 4. e3 Nf6 5. d4 exd4 6. exd4 g6 7. Nf3 Bg7 8. Bd3
Qe7+ 9. Qe2 Qxe2+ 10. Kxe2 O-O 11. Re1 Re8+ 12. Kf1 Rxe1+ 13. Kxe1 Na6 14. a3
Bd7 15. b5 Re8+ 16. Kf1 Nb8 17. Nc3 Kf8 18. Re1 Be6 19. d5 Bg8 20. Rxe8+ Nxe8
21. Nd1 Nd7 22. Bxg7+ Kxg7 23. Nb2 Kf6 24. Ke2 a5 25. Nd4 Ng7 26. g3 Nc5 27.
Ke3 Bf7 28. f4 h6 29. Bc2 1/2-1/2

[Event "Obert Figueres Miquel Mas 2011"]
[Site "Figueres ESP"]
[Date "2011.08.12"]
[Round "2.17"]
[White "Boussely, Jack"]
[Black "Tillet, Louis-Juan"]
[Result "0-1"]
[WhiteElo "1541"]
[BlackElo "2204"]
[PlyCount "52"]
[EventDate "2011.08.11"]
[EventType "swiss"]
[EventRounds "9"]
[EventCountry "ESP"]
[Source "lmi"]
[SourceDate "2011.08.11"]

1. e4 e6 2. d4 d5 3. e5 c5 4. c3 Nc6 5. Nf3 Qb6 6. a3 Nh6 7. b4 cxd4 8. cxd4
Nf5 9. Bb2 Be7 10. Be2 O-O 11. Qd3 a5 12. b5 a4 13. O-O Na5 14. Nbd2 Bd7 15.
Rac1 Rfc8 16. Rc3 Rxc3 17. Bxc3 Rc8 18. Bb2 Nc4 19. Nxc4 dxc4 20. Qc3 Bxb5 21.
Rc1 Qd8 22. g4 Nh4 23. Nd2 Bg5 24. Rc2 Bxd2 25. Qxd2 Qd5 26. Bc3 Qg2# 0-1

[Event "Obert Figueres Miquel Mas 2011"]
[Site "Figueres ESP"]
[Date "2011.08.12"]
[Round "2.18"]
[White "Rivera Hernandez, Josep Joan"]
[Black "Casanellas Ruano, Lluis"]
[Result "0-1"]
[WhiteElo "1920"]
[BlackElo "2190"]
[PlyCount "54"]
[EventDate "2011.08.11"]
[EventType "swiss"]
[EventRounds "9"]
[EventCountry "ESP"]
[Source "lmi"]
[SourceDate "2011.08.11"]

1. e4 c6 2. d4 d5 3. exd5 cxd5 4. Nf3 Bg4 5. Be2 Nf6 6. O-O e6 7. Nbd2 Be7 8.
Ne5 Bxe2 9. Qxe2 O-O 10. Nb3 Nc6 11. Bg5 Nxe5 12. dxe5 Ne4 13. Bxe7 Qxe7 14. f3
Nc5 15. Nd4 Rfc8 16. a4 a6 17. b4 Nd7 18. b5 Rc4 19. Nb3 Rac8 20. bxa6 bxa6 21.
Ra2 g6 22. a5 R8c6 23. Re1 Qb4 24. Kf1 Rc3 25. Nc1 Qb1 26. f4 Nc5 27. Nb3 Qxa2
0-1

[Event "Obert Figueres Miquel Mas 2011"]
[Site "Figueres ESP"]
[Date "2011.08.12"]
[Round "2.19"]
[White "Gonzalez Pabollet, Jesus Maria"]
[Black "Perez Calahorra, Ricardo"]
[Result "0-1"]
[WhiteElo "1933"]
[BlackElo "2181"]
[PlyCount "58"]
[EventDate "2011.08.11"]
[EventType "swiss"]
[EventRounds "9"]
[EventCountry "ESP"]
[Source "lmi"]
[SourceDate "2011.08.11"]

1. b3 d5 2. Bb2 Nf6 3. e3 c5 4. Nf3 Bg4 5. h3 Bh5 6. Bb5+ Nbd7 7. g4 Bg6 8. Ne5
a6 9. Bxd7+ Nxd7 10. Nxg6 hxg6 11. Qf3 e6 12. Nc3 Rc8 13. Ne2 Rh7 14. Nf4 b5
15. Qg3 Be7 16. a4 b4 17. Nd3 Nf6 18. Qg2 Ne4 19. Ke2 c4 20. bxc4 Rxc4 21. f3
Nc5 22. Nxc5 Rxc5 23. c3 Rc4 24. cxb4 Bxb4 25. Rac1 Qc7 26. f4 Qc6 27. Rxc4
Qxc4+ 28. Kd1 Qd3 29. Bd4 Rxh3 0-1

[Event "Obert Figueres Miquel Mas 2011"]
[Site "Figueres ESP"]
[Date "2011.08.12"]
[Round "2.22"]
[White "Pinsach Gelabert, Alexandre"]
[Black "Campo Echevarria, Juan Francisc"]
[Result "1/2-1/2"]
[WhiteElo "1896"]
[BlackElo "2112"]
[PlyCount "85"]
[EventDate "2011.08.11"]
[EventType "swiss"]
[EventRounds "9"]
[EventCountry "ESP"]
[Source "lmi"]
[SourceDate "2011.08.11"]

1. e4 c5 2. Nf3 e6 3. d4 cxd4 4. Nxd4 Nc6 5. Nc3 Qc7 6. g3 Nf6 7. Bg2 a6 8. O-O
Nxd4 9. Qxd4 Bc5 10. Qd3 Ng4 11. Bf4 d6 12. Rad1 Ne5 13. Bxe5 dxe5 14. Na4 Bd4
15. b4 Bd7 16. Nc5 Bxc5 17. bxc5 O-O-O 18. Qf3 Bb5 19. Rfe1 Rxd1 20. Rxd1 Rd8
21. Rxd8+ Qxd8 22. Bf1 Bxf1 23. Kxf1 Qc7 24. Qc3 Kd7 25. Ke2 Ke7 26. Ke3 f6 27.
Qb4 Qc6 28. a4 Kd7 29. Kd3 f5 30. f3 g5 31. Qc4 h5 32. h3 Ke7 33. Kc3 Qd7 34.
Qb4 Kf6 35. Qc4 Qd1 36. Qd3 Qa1+ 37. Kb3 Qb1+ 38. Kc4 a5 39. Qd8+ Kf7 40. Qd7+
Kf6 41. Qd8+ Kf7 42. Qd7+ Kf6 43. Qd8+ 1/2-1/2

[Event "Obert Figueres Miquel Mas 2011"]
[Site "Figueres ESP"]
[Date "2011.08.12"]
[Round "2.24"]
[White "Colls Bosch, Emili"]
[Black "Serra Canals, Oriol"]
[Result "1-0"]
[WhiteElo "2015"]
[BlackElo "1659"]
[PlyCount "81"]
[EventDate "2011.08.11"]
[EventType "swiss"]
[EventRounds "9"]
[EventCountry "ESP"]
[Source "lmi"]
[SourceDate "2011.08.11"]

1. e4 e5 2. Nc3 Nf6 3. g3 d5 4. exd5 Nxd5 5. Bg2 Nxc3 6. bxc3 Nc6 7. d3 Bc5 8.
Be3 Bxe3 9. fxe3 O-O 10. Ne2 Be6 11. O-O Qd7 12. Rb1 Rab8 13. c4 Bh3 14. Nc3
Bxg2 15. Kxg2 Ne7 16. Qf3 c6 17. Ne4 b6 18. Nc3 Ng6 19. Qf5 Rbd8 20. Qxd7 Rxd7
21. a4 Rb8 22. Rb3 Rdb7 23. Rfb1 Ne7 24. Ne4 Nf5 25. Kf2 Nh6 26. Ke2 Ng4 27. h3
Nf6 28. Nc5 Re7 29. a5 g6 30. axb6 axb6 31. Rxb6 Rxb6 32. Rxb6 Rc7 33. Na6 Rc8
34. Nb4 c5 35. Rxf6 cxb4 36. Rb6 Ra8 37. Rxb4 Rd8 38. Rb5 f6 39. Rb7 g5 40. g4
h6 41. Kf3 1-0

[Event "Obert Figueres Miquel Mas 2011"]
[Site "Figueres ESP"]
[Date "2011.08.12"]
[Round "2.25"]
[White "Asensio Graells, Ricard"]
[Black "Viñas Serra, Jaume"]
[Result "0-1"]
[WhiteElo "1510"]
[BlackElo "1860"]
[PlyCount "84"]
[EventDate "2011.08.11"]
[EventType "swiss"]
[EventRounds "9"]
[EventCountry "ESP"]
[Source "lmi"]
[SourceDate "2011.08.11"]

1. Nf3 d5 2. d3 Nf6 3. g3 Bg4 4. Bg2 c6 5. O-O Nbd7 6. Nbd2 Qc7 7. Re1 O-O-O 8.
c3 e5 9. e4 dxe4 10. dxe4 Nc5 11. Qc2 Bd6 12. b4 Ne6 13. Nc4 Bxf3 14. Bxf3 Be7
15. Be3 Kb8 16. a4 h5 17. h3 g5 18. Be2 h4 19. g4 Nf4 20. Bf1 Nd7 21. Reb1 Nb6
22. Nxb6 axb6 23. a5 c5 24. a6 c4 25. axb7 Kxb7 26. b5 Ra8 27. Kh2 Rhd8 28. Ra6
Bc5 29. Bxc5 Qxc5 30. Qa2 Rxa6 31. Qxa6+ Kc7 32. Qa7+ Kc8 33. Kg1 Rd2 34. Qa8+
Kd7 35. Qb7+ Kd8 36. Qb8+ Ke7 37. Qb7+ Kf8 38. Qb8+ Kg7 39. Be2 Rxe2 40. Rf1
Nxh3+ 41. Kh1 Nxf2+ 42. Rxf2 Rxf2 0-1

[Event "Obert Figueres Miquel Mas 2011"]
[Site "Figueres ESP"]
[Date "2011.08.12"]
[Round "2.26"]
[White "Puig Carres, Josep"]
[Black "Cantenys Pages, Carles"]
[Result "1-0"]
[WhiteElo "1838"]
[BlackElo "1570"]
[PlyCount "99"]
[EventDate "2011.08.11"]
[EventType "swiss"]
[EventRounds "9"]
[EventCountry "ESP"]
[Source "lmi"]
[SourceDate "2011.08.11"]

1. e4 c5 2. Nf3 e6 3. Nc3 a6 4. a4 Nc6 5. d4 cxd4 6. Nxd4 Qc7 7. Nb3 Nf6 8. g3
Bb4 9. Bg2 h6 10. O-O O-O 11. Bf4 e5 12. Be3 b6 13. Nd5 Nxd5 14. exd5 Nd8 15.
d6 Qb8 16. Bxa8 Qxa8 17. Bxh6 Qe4 18. f3 Qg6 19. Be3 Bxd6 20. Qd3 Qe6 21. Bxb6
Be7 22. Be3 Nc6 23. Nc5 Bxc5 24. Bxc5 Re8 25. Rae1 d5 26. b4 Nxb4 27. Qc3 Nc6
28. Rb1 d4 29. Qd3 Qf6 30. Rb6 g6 31. Qe4 Re6 32. Re1 Kg7 33. Kg2 a5 34. h4 Bd7
35. Rh1 Ne7 36. Rxe6 Qxe6 37. Bxe7 Qxe7 38. h5 Bf5 39. h6+ Kh7 40. Qc6 e4 41.
Kf2 e3+ 42. Ke2 Qb4 43. Rd1 Qb2 44. Qc4 d3+ 45. Rxd3 Bxd3+ 46. Kxd3 Qf6 47.
Kxe3 Qe7+ 48. Kf2 Kxh6 49. Qh4+ Qxh4 50. gxh4 1-0

[Event "Obert Figueres Miquel Mas 2011"]
[Site "Figueres ESP"]
[Date "2011.08.12"]
[Round "2.28"]
[White "Gil Clariana, Jordi"]
[Black "Andres Sebastian, Luis"]
[Result "1-0"]
[WhiteElo "1828"]
[BlackElo "1530"]
[PlyCount "61"]
[EventDate "2011.08.11"]
[EventType "swiss"]
[EventRounds "9"]
[EventCountry "ESP"]
[Source "lmi"]
[SourceDate "2011.08.11"]

1. b4 e5 2. a3 Nc6 3. Bb2 d6 4. e4 Nf6 5. d3 Be7 6. h3 Bd7 7. Nf3 a6 8. c4 Na7
9. Nc3 c5 10. bxc5 dxc5 11. Nd5 Nxd5 12. exd5 f6 13. Be2 O-O 14. Qc2 b5 15. O-O
Bd6 16. Rfe1 a5 17. Nd2 b4 18. Ne4 Qe7 19. Bf3 Nc8 20. axb4 cxb4 21. c5 Bb8 22.
d6 Qf7 23. Nxf6+ Qxf6 24. Bxe5 Qh6 25. Bxa8 Na7 26. Rxa5 Bc6 27. Rxa7 Bxg2 28.
Rxg7+ Qxg7 29. Bxg7 Bxa8 30. Bxf8 Kxf8 31. Qa4 1-0

[Event "Obert Figueres Miquel Mas 2011"]
[Site "Figueres ESP"]
[Date "2011.08.12"]
[Round "2.29"]
[White "Perez Mondejar, Adler"]
[Black "Bosch Sola, Enric"]
[Result "0-1"]
[WhiteElo "1348"]
[BlackElo "1820"]
[PlyCount "80"]
[EventDate "2011.08.11"]
[EventType "swiss"]
[EventRounds "9"]
[EventCountry "ESP"]
[Source "lmi"]
[SourceDate "2011.08.11"]

1. e4 c5 2. c3 d6 3. d4 cxd4 4. Nf3 dxc3 5. Nxc3 g6 6. Bc4 Bg7 7. O-O a6 8. e5
Qc7 9. Bb3 dxe5 10. Nd5 Qd6 11. Be3 Nd7 12. Nb6 Nxb6 13. Qxd6 exd6 14. Bxb6 Be6
15. Bxe6 fxe6 16. Rfd1 d5 17. Bc7 e4 18. Be5 Bxe5 19. Nxe5 Ne7 20. Rac1 Rc8 21.
Rxc8+ Nxc8 22. Rc1 Nd6 23. Rc7 O-O 24. Rd7 Nf7 25. Nxf7 Rxf7 26. Rxf7 Kxf7 27.
Kf1 Kf6 28. Ke2 Ke5 29. Kd2 d4 30. a3 Kf4 31. Ke2 d3+ 32. Kd2 h5 33. h4 Kg4 34.
g3 Kf3 35. Ke1 d2+ 36. Kxd2 Kxf2 37. b4 e3+ 38. Kc3 b5 39. Kd4 e2 40. Kc5 e1=Q
0-1

[Event "Obert Figueres Miquel Mas 2011"]
[Site "Figueres ESP"]
[Date "2011.08.12"]
[Round "2.30"]
[White "Ruiz Muñoz, Jose Carlos"]
[Black "Garcia Castany, Jose"]
[Result "1-0"]
[WhiteElo "1812"]
[BlackElo "1438"]
[PlyCount "73"]
[EventDate "2011.08.11"]
[EventType "swiss"]
[EventRounds "9"]
[EventCountry "ESP"]
[Source "lmi"]
[SourceDate "2011.08.11"]

1. e4 c5 2. Nf3 d6 3. d4 cxd4 4. Nxd4 Nf6 5. Nc3 a6 6. Bg5 e6 7. Bd3 Nc6 8. Nb3
Be7 9. Qd2 O-O 10. O-O-O Re8 11. f4 b5 12. Qf2 h6 13. Bxf6 Bxf6 14. e5 Be7 15.
g4 Bb7 16. Rhf1 Nb4 17. Be2 Bh4 18. Qd4 Nd5 19. exd6 Qxd6 20. Nxd5 Bxd5 21. Bf3
Bf6 22. Qf2 Qxf4+ 23. Kb1 Qe5 24. c3 Bxb3 25. Rde1 Bxa2+ 26. Kxa2 Qc7 27. Bxa8
Rxa8 28. Kb1 Be5 29. g5 h5 30. Rxe5 Qxe5 31. Qxf7+ Kh8 32. Qxh5+ Kg8 33. Qf7+
Kh8 34. g6 Rg8 35. Ka1 Qe2 36. Qf4 Qd3 37. Qh4# 1-0

[Event "Obert Figueres Miquel Mas 2011"]
[Site "Figueres ESP"]
[Date "2011.08.12"]
[Round "2.31"]
[White "Vega Benitez, Oscar"]
[Black "Medina Masdeu, Rasen"]
[Result "0-1"]
[WhiteElo "1200"]
[BlackElo "1794"]
[PlyCount "52"]
[EventDate "2011.08.11"]
[EventType "swiss"]
[EventRounds "9"]
[EventCountry "ESP"]
[Source "lmi"]
[SourceDate "2011.08.11"]

1. e4 c5 2. Nf3 g6 3. d4 cxd4 4. Nxd4 Nc6 5. Nc3 Bg7 6. Be3 Nf6 7. Bc4 O-O 8.
Bb3 d6 9. f3 Na5 10. h4 a6 11. h5 Nxh5 12. Qd2 Nxb3 13. Nxb3 Be6 14. Bh6 Qb6
15. Bxg7 Kxg7 16. g4 Nf6 17. Qh6+ Kh8 18. O-O-O Rg8 19. Nd4 Rg7 20. Nxe6 fxe6
21. Ne2 e5 22. Rdg1 Qf2 23. Ng3 Rc8 24. Qh2 Rxc2+ 25. Kd1 Qxh2 26. Rxh2 Rxh2
0-1